Ladomírová, okr Svidník drevený kostolík

Zobrazenie: Pohľady na drevený kostolík

Bibliographic Details
Format: Postcard
Language:Slovak
Ukrainian
PhysicalDescription:1 pohľadnica čiernobiela 11 x 15 cm
Published: Martin Bratislava Osveta PŠK 1958
Subjects:

MARC

LEADER 00000nkm a2200000 a 4500
001 vtls011771449
003 SK-MaSNL
005 20260512124133.0
007 kp bo
008 240131s1958 xo 000 g knslo
015 |a SNBG1958 
035 |a urn:nbn:sk:snk-km00dmwy 
035 |a urn:nbn:sk:snk-km3m0ce 
035 |a 6CE1D6DA-07AC-4E5C-8309-7A406D3E0BAE 
040 |a SNK  |b slo  |c SNK  |e AACR2 
041 0 |a slo  |a ukr 
043 |a e-xo--- 
044 |a xo  |c SK 
072 7 |a 913  |x Regionálna geografia  |2 konspekt 
072 7 |a 72  |x Architektúra  |2 konspekt 
080 |a 908(437.6)  |2 2011 
080 |a (084.121)  |2 2011 
080 |a 726.54-035.3  |2 2011 
245 0 0 |a Ladomírová, okr Svidník  |h grafika  |b drevený kostolík 
246 3 1 |a Ladomyrova, Rajon Svydnyk  |b Derevjannapav Cerkovka 
260 |a Martin  |b Osveta  |a Bratislava  |b PŠK  |c 1958 
300 |a 1 pohľadnica  |b čiernobiela  |c 11 x 15 cm 
520 8 |a Zobrazenie: Pohľady na drevený kostolík 
546 |a Súbežný názov v ukraj. 
650 0 7 |a drevené kostoly  |2 SNKPH  |9 3659 
651 7 |a Ladomirová (Slovensko)  |2 SNKPHgeo  |9 28842 
655 7 |a miestne pohľadnice  |2 SNKPH  |9 70510 
852 |a Slovenská národná knižnica 
958 |a GBN 
958 |a TL 
958 |a GC 
958 |a OND 
958 |a EUIPO 
999 |c 857258  |d 859188 
952 |a SNK  |b SNK  |y PREZ  |7 0  |p 17A1231930  |o snkSP 16832  |z Pohľadnica prešla poštou.  |0 0  |1 0  |4 0  |d 2018-08-09  |f 1  |l 0  |r 2026-02-24 05:01:06  |w 2026-02-24